LEADER 01958nas 2200433 n 450 001 990008891240403321 005 20240229084426.0 011 $a0002-9149 035 $a000889124 035 $aFED01000889124 035 $a(Aleph)000889124FED01 035 $a000889124 091 $2CNR$aP 00016703 100 $a20161109a19589999km-y0itaa50------ba 101 0 $aeng 102 $aUS 110 $aauu-------- 200 1 $aAmerican journal of cardiology 207 1$a1958- 210 $aNew York$cElsevier 326 $aQuindicinale 430 0$12001$aTransactions of the American College of Cardiology 452 0$12001$aAmerican journal of cardiology 530 0 $aAmerican journal of cardiology 675 $a616.12 676 $a616.105 801 0$aIT$bACNP$c20090723 859 4 $uhttp://acnp.cib.unibo.it/cgi-ser/start/it/cnr/dc-p1.tcl?catno=9245&person=false&language=ITALIANO&libr=&libr_th=unina1$zBiblioteche che possiedono il periodico 901 $aSE 912 $a990008891240403321 958 $aBiblioteca del Dipartimento di Pediatria dell'Università degli Studi di Napoli Federico II$b1983-1993;$fDMEPE 958 $aBiblioteca del Dipartimento di Medicina Clinica e Sperimentale$b1981-1993;1997;1999-2005;$c1982-1984;1988-1993;1997;2000-2005;$fDMECM 959 $aDMEPE 959 $aDMECM 996 $aAmerican journal of cardiology$9801920 997 $aUNINA AP1 8 $6866-01$aNA171 Biblioteca del Dipartimento di Pediatria dell'Università degli Studi di Napoli Federico II$evia Pansini, 5, 80131 Napoli (NA)$m0817463384;$m0817463384$nit AP1 8 $6866-02$aNA172 Biblioteca del Dipartimento di Medicina Clinica e Sperimentale$eVia Sergio Pansini, 5, 80131 Napoli (NA)$m(081) 7462015$m081 7462015$nit AP2 40$aacnp.cib.unibo.it$nACNP Italian Union Catalogue of Serials$uhttp://acnp.cib.unibo.it/cgi-ser/start/it/cnr/df-p.tcl?catno=9245&language=ITALIANO&libr=&person=&B=1&libr_th=unina&proposto=NO LEADER 01424oam 2200469zu 450 001 9910164712803321 005 20210807002206.0 010 $a9780803148987 010 $a0803148984 035 $a(CKB)3170000000045228 035 $a(SSID)ssj0001490094 035 $a(PQKBManifestationID)11840667 035 $a(PQKBTitleCode)TC0001490094 035 $a(PQKBWorkID)11459935 035 $a(PQKB)10510469 035 $a(NjHacI)993170000000045228 035 $a(EXLCZ)993170000000045228 100 $a20160829d1984 uy 101 0 $aeng 135 $aur||||||||||| 181 $ctxt 182 $cc 183 $acr 200 10$aIndustrial Applications of Titanium and Zirconium: Third Conference 210 31$a[Place of publication not identified]$cAmerican Society for Testing & Materials$d1984 215 $a1 online resource (221 pages) 300 $aBibliographic Level Mode of Issuance: Monograph 311 08$a9780803102118 311 08$a0803102119 517 $aIndustrial Applications of Titanium and Zirconium 606 $aTitanium alloys 606 $aTitanium 615 0$aTitanium alloys. 615 0$aTitanium. 676 $a669.7322 700 $aWebster$b R. T$0979363 702 $aYoung$b C. S 801 0$bPQKB 906 $aBOOK 912 $a9910164712803321 996 $aIndustrial Applications of Titanium and Zirconium: Third Conference$92232597 997 $aUNINA